|
|
|
|
| LEADER |
00000nam a2200000 a 4500 |
| 001 |
UCZ5491 |
| 003 |
CL-VaPUC |
| 008 |
951123e19440000SP |||||||||||||||||spa|d |
| 082 |
0 |
4 |
|a 759.6
|b JUN
|2 21
|
| 100 |
0 |
|
|a Junoy, José María
|e author
|9 349532
|
| 245 |
1 |
0 |
|a Sentido del arte español
|
| 300 |
|
|
|a 133 p
|
| 942 |
|
|
|c BK
|
| 945 |
|
|
|d 19951123 00:00:00
|a rleighto
|
| 260 |
|
|
|a Barcelona
|b Pórtico
|c 1944
|
| 600 |
|
0 |
|a Zurbarán, Francisco de,
|d 1598-1664
|9 348034
|
| 600 |
|
0 |
|a Goya y Lucientes, Francisco José de
|9 315215
|
| 600 |
0 |
7 |
|a RIBERA, JOSE DE
|2 CL-VaPUC
|9 340337
|
| 600 |
0 |
7 |
|a CASAS, RAMON
|2 CL-VaPUC
|9 349533
|
| 650 |
|
0 |
|a Arte español
|9 341293
|
| 650 |
|
0 |
|a Artistas españoles
|9 349534
|
| 650 |
|
0 |
|a Obras de arte
|9 337253
|
| 650 |
|
0 |
|a Artistas
|9 262026
|
| 650 |
|
0 |
|a Pinturas
|9 347968
|
| 650 |
|
0 |
|a Pintores españoles
|9 315216
|
| 583 |
|
|
|a last modification
|c 19951123 00:00:00
|k Rodrigo Vera
|
| 999 |
|
|
|c 241799
|d 241797
|